00346nam a2200121Ia 4500008004100000020001500041041001200056100001800068245008900086260002500175300000800200650001600208221030s9999 xx 000 0 und d a812030618X aEnglish aM. P. Groover 0aAutomation, Production Systems & Computer Integrated Manufacturingcby M. P. Groover bPHIaNew Delhic1998 a808 aBB Computer